د ر ج نعت (Record no. 187592)

MARC details
000 -LEADER
fixed length control field 00620nam a22001937a 4500
005 - DATE AND TIME OF LATEST TRANSACTION
control field 20220425130911.0
010 ## - LCCN (DPL NO)
LC control number UR-11524
020 ## - INTERNATIONAL STANDARD BOOK NUMBER
Terms of availability 250.00
International Standard Book Number -
035 ## - SYSTEM CONTROL NUMBER
System control number U-10079
037 ## - SOURCE OF ACQUISITION
Source of stock number/acquisition DBAD/PUB
Stock number -
082 ## - DEWEY DECIMAL CLASSIFICATION NUMBER
Classification number ک
Edition number Ist
100 ## - MAIN ENTRY--PERSONAL NAME
Personal name ر ا ہی فد ا ئ
245 ## - TITLE STATEMENT
Title د ر ج نعت
Statement of responsibility, etc ر ا ہی فد ا ئ
Medium ا ر د و
246 ## - VARYING FORM OF TITLE
Remainder of title Al-Ansar Publications (Urdu)
Title proper/short title by Rahi Fidai
260 ## - PUBLICATION, DISTRIBUTION, ETC. (IMPRINT)
Place of publication, distribution, etc Tilangana
Name of publisher, distributor, etc Al-Ansar Publications
Date of publication, distribution, etc 2021 ء
270 ## - ADDRESS
Address Riyasat Nagar ,Jamal Colony,
City Hyderabad
Postal code 059
Telephone number 09391301192
Fax number -
300 ## - PHYSICAL DESCRIPTION
Extent 176 ص
Dimensions 22 Cm(Hb)
942 ## - ADDED ENTRY ELEMENTS (KOHA)
Source of classification or shelving scheme Dewey Decimal Classification
Item type Urdu Bks
Classification part 841
Call number suffix ر ا ہی
Holdings
Withdrawn status Lost status Not for loan Collection code Home library Current library Date acquired Source of acquisition Cost, normal purchase price Full call number Barcode Copy number Cost, replacement price Koha item type
    Not For Loan Non-fiction D.B.Act.Division Central Library 25/04/2022 DBAD/PUB 250.00 841 ر ا ہی U-10079 1 250.00 Urdu Bks

© Delhi Public Library
Hit Counter
free hit counter